Fußball Top 10 #10 (Fußballer des Jahres in Deutschland) - Statistiken

Allgemein
  • Dieses Quiz wurde 291 mal gespielt
  • Das Durchschnittsergebnis liegt bei 5 aus 10
Antwortstatistiken
Platz Jahr Gewinner der Auszeichnung % Korrekt
10 2014 Manuel Neuer
89%
3 2021 Robert Lewandowski
67%
4 2020 Robert Lewandowski
67%
6 2018 Toni Kroos
67%
5 2019 Marco Reus
66%
7 2017 Philipp Lahm
62%
8 2016 Jérôme Boateng
51%
1 2023 İlkay Gündoğan
35%
2 2022 Christopher Nkunku
20%
9 2015 Kevin De Bruyne
18%
Keine übereinstimmenden Quizze gefunden
Verteilung der Resultate
Anzahl Personen mit jedem Resultat
Perzentil nach korrekt beantworteten Fragen
Ihre Resultats-Entwicklung
Sie haben dieses Quiz noch nicht gespielt